| 000 | 00741nam a2200217 a 4500 | ||
|---|---|---|---|
| 001 | 001013934 | ||
| 003 | AM-YeHGA | ||
| 005 | 20250617161420.0 | ||
| 008 | 140417s1947 r 000 0 rus d | ||
| 040 | _aAM-YeHGA | ||
| 041 | 0 | _arus | |
| 100 | 1 | _aСавицкий, Ю. | |
| 245 | 1 | 0 |
_aМосква : _bИсторико-архитектурный очерк / _cЮ. Савицкий. |
| 260 |
_aМосква : _bИзд-во АА СССР, _c1947. |
||
| 300 | _a88 с.+64 ил. | ||
| 440 | 0 | _aАрхитектура Москвы | |
| 650 | 1 | 4 | _aАрхитектура |
| 710 | 2 | _aИнститут истории и теории архитектуры | |
| 710 | 2 | _aАкадемия архитектуры СССР | |
| 090 | _c474436 | ||
| 999 |
_c471179 _d471179 |
||